| 000 | 00620nam a2200181 a 4500 | ||
|---|---|---|---|
| 005 | 20251210064119.0 | ||
| 008 | 991125s1992 par 000 0 fre u | ||
| 035 | _aUPN01000030122 | ||
| 049 | _aCG | ||
| 050 | 4 |
_aLB1564 Z5 _bR6.5 |
|
| 100 | 1 | _aRoss, Kenneth N. | |
| 245 | 1 | 0 |
_aIndicators of the quality of education : _ba summary of a national study of primary schools in Zimbabwe / _cKenneth N. Ross, T. Neville Postlethwaite. |
| 260 |
_aParís : _bUNESCO : _bIIEP, _c1992. |
||
| 300 | _a67 p. | ||
| 650 | 4 |
_aEducación primaria _zÁfrica _918222 |
|
| 700 | 1 |
_aPostlethwaite, T. Neville, _ecoaut. _929873 |
|
| 905 | _aLibro | ||
| 999 |
_c30122 _d30122 |
||